Encadenamientos productivos en la industria automotríz argentina (Registro nro. 23179)

Detalles MARC
000 -LEADER
fixed length control field 00422 a2200133 4500
001 - CONTROL NUMBER
control field ART_10634
005 - DATE AND TIME OF LATEST TRANSACTION
control field 20260410161830.0
008 - FIXED-LENGTH DATA ELEMENTS--GENERAL INFORMATION
fixed length control field 260409a
100 1# - MAIN ENTRY--PERSONAL NAME
Personal name Motta, Jorge J.
245 10 - TITLE STATEMENT
Title Encadenamientos productivos en la industria automotríz argentina
700 1# - ADDED ENTRY--PERSONAL NAME
Personal name Cuttica, Mariela
700 1# - ADDED ENTRY--PERSONAL NAME
Personal name Zavaleta, Leticia
773 0# - HOST ITEM ENTRY
Title Actualidad Económica
Related parts - Año X, Nº 47 (ene./abr. 2000)
Record control number REV5083

No hay ítems disponibles.